00566nam a22001817a 450000500170000001000150001702000260003203500130005803700130007108200140008410000190009824500880011725000110020526000440021627000790026030000260033950000190036520140206145239.0 aENG-109127 a9789350351871c325.00 aEN-92660 bDBAD/PUB a345.54056 a Janak Raj Jai aBail law and procedures :cby Janak Raj Jaibwith tips to avoid police harassment / a5th ed a DelhibUniversal Law Publishing c2012 aC- FF - 1A, Dilkhush Industrial Estate, G. T. Karnal Road,b Delhie110033 axxxv,372p.c22cm(pbk) aIncludes index